Paddles away : a psychological study of physical punishment in schools /

Bibliographic Details
Main Author: Maurer, Adah
Format: Book
Language:English
Published: Palo Alto, Calif. : R & E Research Associates, [1981]
Subjects:

MARC

Tag First Indicator Second Indicator Subfields
LEADER 00000cam a2200000 a 4500
001 in00000374313
005 20151011090020.0
008 830426s1981 cau b 00010 eng
010 |a  82169947   |z 81-51456 
020 |a 0882475991 (pbk.) :  |c $11.95 
035 |a (OCoLC)09556052 
035 |9 ABQ5668AM 
039 0 |a 2  |b 3  |c 3  |d 3  |e 3 
040 |a DLC  |c DLC  |d TXA  |d UtOrBLW 
043 |a n-us--- 
049 |a TXAM  |c [1364118] 
050 0 0 |a LB3025  |b  M35 1981 
082 0 |a 371.5/42  |2 19 
100 1 |a Maurer, Adah. 
245 1 0 |a Paddles away :  |b a psychological study of physical punishment in schools /  |c by Adah Maurer. 
264 1 |a Palo Alto, Calif. :  |b R & E Research Associates,  |c [1981] 
264 4 |c ©1981 
300 |a ix, 142 pages ;  |c 22 cm. 
336 |a text  |b txt  |2 rdacontent 
337 |a unmediated  |b n  |2 rdamedia 
338 |a volume  |b nc  |2 rdacarrier 
504 |a Bibliography: pages 137-142. 
650 0 |a Rewards and punishments in education  |x History. 
650 0 |a Corporal punishment  |z United States  |x History. 
999 |a MARS 
999 f f |s c4050d74-a4a5-32c1-95be-565d26c4813e  |i 082c0a95-56cf-3cb9-8dfd-9f9cd0dc2cfb  |t 0 
952 f f |p normal  |a Texas A&M University  |b College Station  |c Sterling C. Evans Library  |d Evans: Library Stacks  |t 0  |e LB3025 M35 1981  |h Library of Congress classification  |i unmediated -- volume  |m A14807438829 
998 f f |a LB3025 M35 1981  |t 0  |l Evans: Library Stacks